Dutch Empire - Statistics

General Stats
  • This quiz has been taken 161 times
  • The average score is 15 of 29
Answer Stats
Country % Correct
Indonesia
93%
United States
84%
South Africa
77%
Belgium
75%
India
75%
Suriname
75%
Brazil
72%
China
68%
Malaysia
67%
Canada
65%
Australia
60%
France
60%
Guyana
60%
Japan
60%
Luxembourg
60%
Netherlands
60%
Sri Lanka
58%
Taiwan
55%
Namibia
49%
Angola
41%
Ghana
40%
Bangladesh
28%
Côte d'Ivoire
26%
Mauritius
24%
Morocco
22%
Senegal
22%
Chile
18%
São Tomé and Príncipe
12%
Kuwait
3%
No matching quizzes found
Score Distribution
Percent of People with Each Score
Percentile by Number Answered
Your Score History
You have not taken this quiz